[Event "Turkey Cup 2020"]
[Site "Antalya-Belek"]
[Date "2020.01.29"]
[Round "5.6"]
[White "Altun, Arda"]
[Black "Ozen, Deniz"]
[Result "0-1"]
[WhiteElo "2200"]
[BlackElo "2423"]
[Annotator "TA"]
[PlyCount "74"]
[EventDate "2020.01.26"]
[EventType "swiss"]
[EventCountry "TUR"]
[SourceTitle "playchess.com"]
[Source "ChessBase"]
[SourceQuality "1"]

1. e4 e6 2. d4 d5 3. Nd2 dxe4 4. Nxe4 Nd7 5. Bd3 Ngf6 6. Bg5 Be7 7. Ng3 c5 8. Nf3 O-O 9. O-O h6 10. Bc1 b6 11. b3 Bb7 12. Bb2 cxd4 13. Nxd4 Ne5 14. Ndf5 exf5 15. Bxe5 Qd5 16. Qf3 Qxf3 17. gxf3 g6 18. f4 Nd7 19. Rad1 Nxe5 20. fxe5 Rad8 21. c3 f4 22. Ne2 Rd5 23. Nxf4 Rxe5 24. Rfe1 Rg5+ 25. Kf1 Bd6 26. Nxg6 Bg2+ 27. Ke2 Re8+ 28. Kd2 Rxe1 29. Rxe1 fxg6 30. h4 Bf4+ 31. Kc2 Rg4 32. Re7 Rxh4 33. Bxg6 Rg4 34. Bf5 Rg7 35. Re2 Kf8 36. f3 Bxf3 37. Rf2 Rg2 0-1

[Event "Turkey Cup 2020"]
[Site "Antalya-Belek"]
[Date "2020.01.29"]
[Round "5.7"]
[White "Kamer, Kayra"]
[Black "Kilic, Efe Mert"]
[Result "1-0"]
[WhiteElo "2348"]
[BlackElo "2247"]
[Annotator "TA"]
[PlyCount "97"]
[EventDate "2020.01.26"]
[EventType "swiss"]
[EventCountry "TUR"]
[SourceTitle "playchess.com"]
[Source "ChessBase"]
[SourceQuality "1"]

1. Nf3 d5 2. g3 g6 3. Bg2 Bg7 4. c4 c6 5. cxd5 cxd5 6. d4 Nc6 7. O-O Nf6 8. Nc3 O-O 9. Ne5 e6 10. Nxc6 bxc6 11. Na4 Ne4 12. Qc2 f5 13. e3 Qd6 14. f3 Nf6 15. Qc5 Qxc5 16. Nxc5 Re8 17. b3 e5 18. Bb2 Nd7 19. Nxd7 Bxd7 20. dxe5 Bxe5 21. Bxe5 Rxe5 22. Kf2 Ree8 23. Rfd1 Kf7 24. Rac1 Rec8 25. Rc5 a5 26. Rd4 a4 27. b4 a3 28. Ke2 Ke7 29. Kd2 Kd6 30. Kc3 Rab8 31. Bf1 Re8 32. Kd2 Rb7 33. Bd3 Reb8 34. Kc3 Re8 35. e4 fxe4 36. fxe4 Re5 37. Ra5 Be6 38. Rxa3 Rh5 39. h4 g5 40. exd5 Bxd5 41. Be2 Rh6 42. Bf3 Ke5 43. Ra5 Rd6 44. hxg5 Rf7 45. Re4+ Kf5 46. Rf4+ Kg6 47. Bxd5 Rxf4 48. gxf4 cxd5 49. Kd4 1-0

[Event "Turkey Cup 2020"]
[Site "Antalya-Belek"]
[Date "2020.01.29"]
[Round "5.8"]
[White "Ozer, Omer Faruk"]
[Black "Agdelen, Huseyin Can"]
[Result "1/2-1/2"]
[WhiteElo "2338"]
[BlackElo "2199"]
[Annotator "TA"]
[PlyCount "49"]
[EventDate "2020.01.26"]
[EventType "swiss"]
[EventCountry "TUR"]
[SourceTitle "playchess.com"]
[Source "ChessBase"]
[SourceQuality "1"]

1. e4 c5 2. Nf3 d6 3. d4 cxd4 4. Nxd4 Nf6 5. Nc3 a6 6. a3 e5 7. Nf3 Be7 8. Bg5 Be6 9. Bxf6 Bxf6 10. Nd5 Bxd5 11. Qxd5 Qc7 12. O-O-O Be7 13. Bc4 O-O 14. Qd3 Nd7 15. Qe2 b5 16. Bd5 Rab8 17. Kb1 Nc5 18. b3 a5 19. h4 Ne6 20. g3 Rfc8 21. Rd3 Qc5 22. Kb2 Rc7 23. Rc1 Qb6 24. Ka2 Rbc8 25. Kb1 1/2-1/2

[Event "Turkey Cup 2020"]
[Site "Antalya-Belek"]
[Date "2020.01.29"]
[Round "5.9"]
[White "Ozenir, Ekin Baris"]
[Black "Gallevci, Yagiz"]
[Result "1/2-1/2"]
[WhiteElo "2285"]
[BlackElo "2186"]
[Annotator "TA"]
[PlyCount "52"]
[EventDate "2020.01.26"]
[EventType "swiss"]
[EventCountry "TUR"]
[SourceTitle "playchess.com"]
[Source "ChessBase"]
[SourceQuality "1"]

1. Nf3 d5 2. b3 Bf5 3. Bb2 e6 4. g3 Nf6 5. Bg2 h6 6. O-O Be7 7. c4 O-O 8. d3 c6 9. Nbd2 Nbd7 10. a3 Bh7 11. Re1 Qb6 12. Rc1 e5 13. e4 dxe4 14. dxe4 Nc5 15. Nxe5 Rad8 16. Qc2 Rxd2 17. Qxd2 Nxb3 18. Qc3 Nxc1 19. Rxc1 Rd8 20. Qc2 Nxe4 21. Bxe4 Bxe4 22. Qxe4 Qxb2 23. Rb1 Qd4 24. Qxd4 Rxd4 25. Rxb7 Bxa3 26. Rxa7 Bb2 1/2-1/2

[Event "Turkey Cup 2020"]
[Site "Antalya-Belek"]
[Date "2020.01.29"]
[Round "5.10"]
[White "Bacak, Muhammed Kaan"]
[Black "Dolgun, Can"]
[Result "1/2-1/2"]
[WhiteElo "2158"]
[BlackElo "2266"]
[Annotator "RC"]
[PlyCount "37"]
[EventDate "2020.01.26"]
[EventType "swiss"]
[EventCountry "TUR"]
[SourceTitle "playchess.com"]
[Source "ChessBase"]
[SourceQuality "1"]

1. e4 e5 2. Nf3 Nc6 3. Bb5 a6 4. Ba4 Nf6 5. Nc3 b5 6. Bb3 Be7 7. a4 b4 8. Nd5 Nxe4 9. d4 exd4 10. Bf4 d6 11. Nxd4 Nxd4 12. Qxd4 Nf6 13. Qxb4 Be6 14. Nxe7 Qxe7 15. O-O O-O 16. Rfe1 Qd7 17. Bg5 Bxb3 18. Qxb3 Qf5 19. Bxf6 1/2-1/2

[Event "Turkey Cup 2020"]
[Site "Antalya-Belek"]
[Date "2020.01.29"]
[Round "5.11"]
[White "Aydincelebi, Kagan"]
[Black "Kilic, Gokturk Kagan"]
[Result "1-0"]
[WhiteElo "2249"]
[BlackElo "1923"]
[Annotator "TA"]
[PlyCount "47"]
[EventDate "2020.01.26"]
[EventType "swiss"]
[EventCountry "TUR"]
[SourceTitle "playchess.com"]
[Source "ChessBase"]
[SourceQuality "1"]

1. e4 e5 2. Nf3 Nc6 3. Bb5 a6 4. Ba4 d6 5. O-O Bd7 6. c3 g6 7. d4 Bg7 8. Bg5 f6 9. Be3 Nh6 10. dxe5 dxe5 11. Bc5 f5 12. exf5 gxf5 13. Re1 Nf7 14. Qd5 Qf6 15. Bb3 e4 16. Nbd2 Nfe5 17. Nxe5 Nxe5 18. f4 Nc6 19. Nxe4 fxe4 20. Rxe4+ Kd8 21. Rd1 Kc8 22. Qxd7+ Kb8 23. Re8+ Rxe8 24. Qxe8+ 1-0

[Event "Turkey Cup 2020"]
[Site "Antalya-Belek"]
[Date "2020.01.29"]
[Round "5.12"]
[White "Koksal, Ege"]
[Black "Makaraci, Tunahan"]
[Result "1/2-1/2"]
[WhiteElo "2368"]
[BlackElo "2029"]
[Annotator "TA"]
[PlyCount "101"]
[EventDate "2020.01.26"]
[EventType "swiss"]
[EventCountry "TUR"]
[SourceTitle "playchess.com"]
[Source "ChessBase"]
[SourceQuality "1"]

1. e4 c5 2. Nf3 d6 3. c4 Bg4 4. d4 Bxf3 5. gxf3 cxd4 6. Qxd4 Nc6 7. Qe3 g6 8. Nc3 Bh6 9. f4 Nf6 10. Nd5 Bg7 11. Bg2 e6 12. Nc3 O-O 13. O-O Qe7 14. Bd2 Rac8 15. Rad1 Rfd8 16. b3 Nh5 17. f5 Be5 18. Ne2 Rf8 19. Kh1 Rcd8 20. f4 Bg7 21. Ng3 Nxg3+ 22. hxg3 e5 23. Qf2 exf4 24. Bxf4 g5 25. Be3 Bf6 26. c5 dxc5 27. Bxc5 Qc7 28. Bxf8 Rxf8 29. Rd5 Kg7 30. Rfd1 Ne5 31. Qc5 Qb8 32. Qd6 Qe8 33. Qb4 Qb8 34. Qd2 Ng4 35. e5 Nxe5 36. Qe2 h5 37. Rd6 Re8 38. Kg1 Ng4 39. Qf3 Re1+ 40. Rxe1 Qxd6 41. Bf1 Bd4+ 42. Kg2 Bb6 43. Bc4 Qd4 44. Qe2 Ne3+ 45. Qxe3 Qxe3 46. Rxe3 Bxe3 47. g4 hxg4 48. Kg3 Kf6 49. Kxg4 Ke7 50. a4 f6 51. Bg8 1/2-1/2

[Event "Turkey Cup 2020"]
[Site "Antalya-Belek"]
[Date "2020.01.29"]
[Round "5.13"]
[White "Can, Furkan"]
[Black "Soylu, Suat"]
[Result "0-1"]
[WhiteElo "1980"]
[BlackElo "2329"]
[Annotator "TA"]
[PlyCount "83"]
[EventDate "2020.01.26"]
[EventType "swiss"]
[EventCountry "TUR"]
[SourceTitle "playchess.com"]
[Source "ChessBase"]
[SourceQuality "1"]

1. d4 Nf6 2. Nf3 c5 3. d5 b5 4. c4 Qa5+ 5. Bd2 b4 6. Qc2 g6 7. e4 d6 8. Bd3 Bg7 9. h4 O-O 10. h5 Nxh5 11. e5 dxe5 12. Rxh5 gxh5 13. Bxh7+ Kh8 14. Ng5 Nd7 15. Bg8 f5 16. Be6 e4 17. Qb3 Nf6 18. Qh3 Qa6 19. Qxf5 Qxc4 20. d6 Bxe6 21. Nxe6 Qd5 22. Qh3 exd6 23. Nf4 Qf7 24. a3 Nd5 25. Nxd5 Qxd5 26. axb4 cxb4 27. Bxb4 Qd4 28. Qxh5+ Kg8 29. Bc3 Qxf2+ 30. Kd1 Qf1+ 31. Be1 Qd3+ 32. Nd2 e3 33. Ra3 Qd4 34. Qg6 exd2 35. Qe6+ Rf7 36. Bxd2 Qf6 37. Qd5 Qf1+ 38. Be1 Re8 39. Qd2 Rxe1+ 40. Qxe1 Qxe1+ 41. Kxe1 Bxb2 42. Ra1 0-1

[Event "Turkey Cup 2020"]
[Site "Antalya-Belek"]
[Date "2020.01.29"]
[Round "5.14"]
[White "Ozsakallioglu, Okan"]
[Black "Ibik, Halit Yavuz"]
[Result "1-0"]
[WhiteElo "2272"]
[BlackElo "1952"]
[Annotator "RC"]
[PlyCount "75"]
[EventDate "2020.01.26"]
[EventType "swiss"]
[EventCountry "TUR"]
[SourceTitle "playchess.com"]
[Source "ChessBase"]
[SourceQuality "1"]

1. e4 c5 2. Nf3 d6 3. d4 cxd4 4. Nxd4 Nf6 5. Nc3 a6 6. f3 e6 7. Be3 Qc7 8. Qd2 Nbd7 9. g4 Ne5 10. g5 Nfd7 11. f4 Nc4 12. Bxc4 Qxc4 13. O-O-O b5 14. f5 b4 15. fxe6 fxe6 16. Nb1 Qxa2 17. b3 Nc5 18. Qxb4 d5 19. Qb6 Bd7 20. Nc3 Qa3+ 21. Kb1 dxe4 22. Bc1 Na4 23. Nxa4 Qb4 24. Nxe6 Qxb6 25. Nxb6 Ra7 26. Nxd7 Rxd7 27. Rxd7 Kxd7 28. Nxf8+ Rxf8 29. Bb2 g6 30. Re1 Rf4 31. Be5 Rg4 32. c4 Ke6 33. Bg3 Kd7 34. Kc2 Rxg5 35. Rxe4 Rf5 36. Rd4+ Ke7 37. Rd6 Ra5 38. Rb6 1-0

[Event "Turkey Cup 2020"]
[Site "Antalya-Belek"]
[Date "2020.01.29"]
[Round "5.15"]
[White "Gokbulut, Julia"]
[Black "Citak, Selim"]
[Result "0-1"]
[WhiteElo "1989"]
[BlackElo "2198"]
[Annotator "TA"]
[PlyCount "102"]
[EventDate "2020.01.26"]
[EventType "swiss"]
[EventCountry "TUR"]
[SourceTitle "playchess.com"]
[Source "ChessBase"]
[SourceQuality "1"]

1. d4 Nf6 2. c4 g6 3. Nc3 d5 4. cxd5 Nxd5 5. e4 Nxc3 6. bxc3 Bg7 7. Nf3 c5 8. Be3 Bg4 9. Bb5+ Nc6 10. Qd2 O-O 11. Bxc6 bxc6 12. Rc1 Qa5 13. h3 Bxf3 14. gxf3 Rfd8 15. O-O cxd4 16. cxd4 Qxd2 17. Bxd2 Rxd4 18. Bc3 Rd3 19. Bxg7 Kxg7 20. Rxc6 Rxf3 21. Kg2 Ra3 22. Rc7 Re8 23. Rc2 Rd8 24. Rb1 Rd4 25. Re2 Rda4 26. Rbb2 g5 27. f3 e6 28. Kg3 h5 29. Rbc2 Kg6 30. Kg2 Rd4 31. Rc8 Rda4 32. Rcc2 h4 33. Rcd2 Rc4 34. Rd8 Rc1 35. Rg8+ Kh6 36. Rh8+ Kg7 37. Rd8 Ra1 38. Rdd2 Kf6 39. Rc2 a6 40. Red2 Re3 41. Rd6 a5 42. Kf2 Ree1 43. Ra6 Rh1 44. Kg2 Rag1+ 45. Kf2 Rg3 46. e5+ Kxe5 47. Rxa5+ Kf6 48. Rc7 Rhxh3 49. Raa7 Rxf3+ 50. Ke2 Kg6 51. Rc8 Ra3 0-1

[Event "Turkey Cup 2020"]
[Site "Antalya-Belek"]
[Date "2020.01.29"]
[Round "5.16"]
[White "Samani, Yamac"]
[Black "Dogdu, Mehmet"]
[Result "1-0"]
[WhiteElo "2259"]
[BlackElo "1914"]
[Annotator "TA"]
[PlyCount "117"]
[EventDate "2020.01.26"]
[EventType "swiss"]
[EventCountry "TUR"]
[SourceTitle "playchess.com"]
[Source "ChessBase"]
[SourceQuality "1"]

1. e4 c5 2. Nf3 a6 3. c3 Nc6 4. d4 d5 5. exd5 Qxd5 6. Be2 Nf6 7. c4 Qd6 8. d5 Ne5 9. O-O g6 10. Nc3 Bg7 11. Nxe5 Qxe5 12. Be3 Qc7 13. Qd2 O-O 14. Rfe1 Rd8 15. Rad1 Ne8 16. Qc1 Nd6 17. Na4 b6 18. b4 Bd7 19. Nxb6 Qxb6 20. bxc5 Qa5 21. cxd6 exd6 22. Bf4 Ba4 23. Rd3 Rab8 24. Bd2 Qc5 25. Be3 Qa5 26. Bd2 Qc5 27. Bc3 Bxc3 28. Qxc3 Rdc8 29. Re3 Qb4 30. Qxb4 Rxb4 31. Ra3 a5 32. Bf1 Kf8 33. g3 Rc5 34. Ree3 Bd7 35. Rab3 Ba4 36. Ra3 Bd7 37. Reb3 Ke7 38. f4 Kd8 39. Kf2 Kc7 40. Ke3 Rb8 41. Rxb8 Kxb8 42. Kd4 Kc7 43. Bd3 Bc8 44. Rb3 Bd7 45. Rb2 Ba4 46. f5 Be8 47. a3 Bd7 48. Re2 Kd8 49. Rf2 Be8 50. Rb2 Bd7 51. f6 Be8 52. Rb8+ Rc8 53. Rb7 Ra8 54. c5 dxc5+ 55. Kxc5 a4 56. Bb5 Bxb5 57. Kxb5 Ke8 58. Re7+ Kf8 59. d6 1-0

[Event "Turkey Cup 2020"]
[Site "Antalya-Belek"]
[Date "2020.01.29"]
[Round "5.17"]
[White "Demirbas, Emre"]
[Black "Unat, Can Haktan"]
[Result "1-0"]
[WhiteElo "1944"]
[BlackElo "2257"]
[Annotator "TA"]
[PlyCount "133"]
[EventDate "2020.01.26"]
[EventType "swiss"]
[EventCountry "TUR"]
[SourceTitle "playchess.com"]
[Source "ChessBase"]
[SourceQuality "1"]

1. e4 e5 2. Nf3 Nc6 3. Bb5 a6 4. Ba4 d6 5. c3 Bd7 6. d4 Nf6 7. Nbd2 Be7 8. h3 O-O 9. O-O exd4 10. cxd4 d5 11. e5 Ne4 12. Re1 f5 13. exf6 Nxf6 14. Nf1 Bd6 15. Bg5 Ne7 16. Bc2 h6 17. Bh4 Nf5 18. Bg3 Re8 19. Ne5 c6 20. Nxd7 Rxe1 21. Nxf6+ Qxf6 22. Qxe1 Nxd4 23. Bd3 c5 24. Bxd6 Qxd6 25. Ng3 Rf8 26. Rd1 Qf6 27. Qe3 Ne6 28. Re1 Nf4 29. Bf5 Qd6 30. Qe5 Qxe5 31. Rxe5 g6 32. Be6+ Kg7 33. Ne2 Nxe2+ 34. Rxe2 Rd8 35. f4 d4 36. Kf2 d3 37. Rd2 b5 38. b3 Kf6 39. Bg4 c4 40. bxc4 bxc4 41. Ke3 h5 42. Bf3 Rc8 43. Bb7 Rc7 44. Bxa6 c3 45. Rd1 d2 46. Bd3 g5 47. fxg5+ Kxg5 48. Bc2 Kh4 49. a4 Kg3 50. a5 Kxg2 51. a6 Kxh3 52. Ra1 Ra7 53. Kd3 Kg3 54. Kxc3 h4 55. Kxd2 Kf4 56. Ra4+ Ke5 57. Be4 h3 58. Bb7 Kd6 59. Rh4 Kc5 60. Rxh3 Kb4 61. Kd3 Kb5 62. Kd4 Kb6 63. Kd5 Kc7 64. Kc5 Kb8 65. Rh8+ Kc7 66. Rh7+ Kb8 67. Kb6 1-0

[Event "Turkey Cup 2020"]
[Site "Antalya-Belek"]
[Date "2020.01.29"]
[Round "5.18"]
[White "Karaoglan, Doruk"]
[Black "Caner, Resul"]
[Result "1-0"]
[WhiteElo "2222"]
[BlackElo "1932"]
[Annotator "TA"]
[PlyCount "71"]
[EventDate "2020.01.26"]
[EventType "swiss"]
[EventCountry "TUR"]
[SourceTitle "playchess.com"]
[Source "ChessBase"]
[SourceQuality "1"]

1. e4 e6 2. d4 d5 3. Nd2 Nf6 4. e5 Nfd7 5. Bd3 c5 6. c3 Nc6 7. Ngf3 cxd4 8. cxd4 f6 9. exf6 Nxf6 10. O-O Bd6 11. b3 O-O 12. Bb2 Qe8 13. Ne5 Nb4 14. Be2 Bd7 15. a3 Nc6 16. Bd3 Rd8 17. f4 Bc7 18. Qe2 Bb6 19. Ndf3 Nh5 20. Ng5 g6 21. Nxc6 bxc6 22. g3 Qe7 23. Rae1 Ng7 24. b4 a5 25. Bc3 axb4 26. axb4 c5 27. bxc5 Bxc5 28. Qg4 Bd6 29. Nxh7 Bb5 30. Qxg6 Bxd3 31. Qxd3 Rc8 32. Ng5 Rf5 33. Nxe6 Rxc3 34. Qxc3 Nxe6 35. Qc8+ Kf7 36. Re3 1-0

[Event "Turkey Cup 2020"]
[Site "Antalya-Belek"]
[Date "2020.01.29"]
[Round "5.19"]
[White "Ozsoy, Alimert"]
[Black "Kirali, Mehmet"]
[Result "1-0"]
[WhiteElo "2211"]
[BlackElo "1890"]
[Annotator "TA"]
[PlyCount "49"]
[EventDate "2020.01.26"]
[EventType "swiss"]
[EventCountry "TUR"]
[SourceTitle "playchess.com"]
[Source "ChessBase"]
[SourceQuality "1"]

1. e4 c6 2. d4 d5 3. e5 Bf5 4. Nf3 e6 5. Be2 Nd7 6. O-O Ne7 7. c3 Qb6 8. Nbd2 c5 9. dxc5 Nxc5 10. Nb3 Nxb3 11. axb3 Nc6 12. b4 Be4 13. Be3 Qc7 14. Ng5 Be7 15. Nxe4 dxe4 16. b5 Rd8 17. Qa4 Nxe5 18. b6+ Qd7 19. Bb5 Nc6 20. Rfd1 Bd6 21. Bf4 Bxf4 22. Rxd7 Kxd7 23. Qxa7 Rb8 24. Rd1+ Bd6 25. Qa3 1-0

[Event "Turkey Cup 2020"]
[Site "Antalya-Belek"]
[Date "2020.01.29"]
[Round "5.20"]
[White "Ozalp, Burak"]
[Black "Ozkan, Ervin"]
[Result "1-0"]
[WhiteElo "1897"]
[BlackElo "2185"]
[Annotator "TA"]
[PlyCount "72"]
[EventDate "2020.01.26"]
[EventType "swiss"]
[EventCountry "TUR"]
[SourceTitle "playchess.com"]
[Source "ChessBase"]
[SourceQuality "1"]

1. e4 e5 2. Nc3 Nf6 3. g3 d5 4. exd5 Nxd5 5. Bg2 Nxc3 6. bxc3 Nc6 7. Nf3 Bc5 8. O-O O-O 9. Qe2 Re8 10. Re1 Bb6 11. d3 Bg4 12. h3 Bh5 13. g4 Bg6 14. Ng5 f6 15. Ne4 Rb8 16. a4 Ba5 17. Rb1 Ne7 18. Bd2 b6 19. h4 Bf7 20. Qf3 Rf8 21. h5 Bd5 22. h6 Bxe4 23. Qxe4 Ng6 24. Qc4+ Kh8 25. hxg7+ Kxg7 26. Re3 Nf4 27. Rf3 Nxg2 28. Kxg2 c5 29. Rh1 Kh8 30. Qe4 Rf7 31. Bg5 Kg8 32. Bxf6 Rxf6 33. Qxh7+ Kf8 34. Qh8+ Kf7 35. Rh7+ Ke6 36. Rxf6+ Kd5 1-0

[Event "Turkey Cup 2020"]
[Site "Antalya-Belek"]
[Date "2020.01.29"]
[Round "5.21"]
[White "Can, Melih Kaan"]
[Black "Subasi, Cagrican"]
[Result "1-0"]
[WhiteElo "2138"]
[BlackElo "1861"]
[Annotator "ChessBase"]
[PlyCount "123"]
[EventDate "2020.01.26"]
[EventType "swiss"]
[EventCountry "TUR"]
[SourceTitle "playchess.com"]
[Source "ChessBase"]
[SourceQuality "1"]

1. e4 e5 2. Nf3 Nc6 3. Bb5 a6 4. Ba4 Nf6 5. d3 d6 6. c3 Be7 7. Nbd2 O-O 8. Nf1 b5 9. Bc2 Re8 10. Ng3 Bf8 11. O-O Nb8 12. d4 Nbd7 13. Re1 Bb7 14. b3 g6 15. d5 c6 16. c4 Qb8 17. h3 Rc8 18. Be3 Be7 19. Rb1 cxd5 20. cxd5 Bd8 21. Nh2 Bb6 22. Bg5 Qa7 23. Rf1 Rc3 24. Bd3 Rac8 25. Qf3 Kg7 26. Rbd1 h6 27. Bd2 R3c7 28. Ng4 Rh8 29. Rc1 Rxc1 30. Rxc1 Nxg4 31. hxg4 Qb8 32. Nf1 Qd8 33. g3 Qf6 34. Qe2 Nc5 35. Bc2 Qe7 36. Kg2 f6 37. Ne3 Nd7 38. Rh1 Rh7 39. a4 bxa4 40. bxa4 Qd8 41. Nc4 Bc5 42. Na5 Qa8 43. Bd3 Rh8 44. Nxb7 Qxb7 45. Rb1 Qa7 46. Bxa6 Rb8 47. Bb5 Bd4 48. Rh1 g5 49. Rc1 Nc5 50. Rc4 Nb3 51. Rc6 Rb6 52. Bb4 Bc5 53. Qc4 Na5 54. Bxa5 Qxa5 55. Rc7+ Kh8 56. Rxc5 dxc5 57. Qxc5 Rb8 58. d6 h5 59. gxh5 Rd8 60. d7 Qa8 61. Bc6 Qb8 62. Qe7 1-0

[Event "Turkey Cup 2020"]
[Site "Antalya-Belek"]
[Date "2020.01.29"]
[Round "5.22"]
[White "Danaci, Ege"]
[Black "Baylav, Can"]
[Result "1-0"]
[WhiteElo "1974"]
[BlackElo "2176"]
[Annotator "TA"]
[PlyCount "63"]
[EventDate "2020.01.26"]
[EventType "swiss"]
[EventCountry "TUR"]
[SourceTitle "playchess.com"]
[Source "ChessBase"]
[SourceQuality "1"]

1. d4 Nf6 2. c4 g6 3. f3 d5 4. cxd5 Nxd5 5. e4 Nb6 6. Nc3 Bg7 7. Be3 O-O 8. Qd2 Nc6 9. O-O-O Na5 10. Bh6 Nac4 11. Qg5 Qd6 12. Bxg7 Kxg7 13. Bxc4 Nxc4 14. Nge2 a6 15. Qc5 b5 16. b3 Na5 17. e5 Qxc5 18. dxc5 Nc6 19. f4 f6 20. exf6+ exf6 21. Nd4 Nxd4 22. Rxd4 Bb7 23. Re1 Rf7 24. g3 Kf8 25. Re6 Bc8 26. Rd8+ Kg7 27. Ree8 b4 28. Nd1 Rb8 29. Rxc8 Rb5 30. Ne3 Rxc5+ 31. Nc4 Rd7 32. Rcd8 1-0

[Event "Turkey Cup 2020"]
[Site "Antalya-Belek"]
[Date "2020.01.29"]
[Round "5.23"]
[White "Kara, Yanki"]
[Black "Suzan, Ufuk"]
[Result "1-0"]
[WhiteElo "2175"]
[BlackElo "1861"]
[Annotator "TA"]
[PlyCount "123"]
[EventDate "2020.01.26"]
[EventType "swiss"]
[EventCountry "TUR"]
[SourceTitle "playchess.com"]
[Source "ChessBase"]
[SourceQuality "1"]

1. Nf3 g6 2. d4 Nf6 3. Nbd2 Bg7 4. e4 d6 5. Bd3 O-O 6. O-O Nc6 7. c3 e5 8. Re1 Ne8 9. dxe5 dxe5 10. Qc2 Nd6 11. b4 a6 12. a4 Be6 13. Nb3 b6 14. Rb1 Qe7 15. Qe2 Bc8 16. Ba3 Rd8 17. Ra1 Qe6 18. Nfd2 Ne7 19. c4 g5 20. c5 Ne8 21. Bc4 Qg4 22. Nf3 Ng6 23. h3 Qh5 24. Bxf7+ Kh8 25. Rad1 Bd7 26. cxb6 cxb6 27. a5 Bb5 28. Qe3 g4 29. hxg4 Qxg4 30. Bxg6 Qxg6 31. axb6 Nd6 32. Na5 Rg8 33. Bb2 Rae8 34. Qg5 Qe6 35. Bxe5 Nf7 36. Bxg7+ Rxg7 37. Qh4 Reg8 38. g3 Rg4 39. Qh5 Qxb6 40. Kg2 Qc7 41. e5 Rxb4 42. Rh1 Nd8 43. Rc1 Qe7 44. Qf5 Rg7 45. Rh6 Bd7 46. Qf6 Ne6 47. Qxe7 Rxe7 48. Nc6 Bxc6 49. Rxc6 Nc7 50. Rhd6 Ra4 51. Rd8+ Kg7 52. Nh4 Ne6 53. Rdd6 Nd4 54. Rxd4 Rxd4 55. Nf5+ Kf7 56. Nxd4 Rxe5 57. Rxa6 Rd5 58. Ra7+ Kg6 59. Ne2 Rb5 60. Nf4+ Kh6 61. g4 Rg5 62. Ra6+ 1-0

[Event "Turkey Cup 2020"]
[Site "Antalya-Belek"]
[Date "2020.01.29"]
[Round "5.24"]
[White "Pektas, Yigit"]
[Black "Yarar, Bora"]
[Result "1-0"]
[WhiteElo "2155"]
[BlackElo "1871"]
[Annotator "RC"]
[PlyCount "85"]
[EventDate "2020.01.26"]
[EventType "swiss"]
[EventCountry "TUR"]
[SourceTitle "playchess.com"]
[Source "ChessBase"]
[SourceQuality "1"]

1. d4 g6 2. c4 Bg7 3. e4 d6 4. Nc3 Nf6 5. h3 O-O 6. Nf3 Na6 7. Bg5 c5 8. d5 e6 9. Be2 h6 10. Be3 exd5 11. exd5 Re8 12. Qd2 Kh7 13. g4 Ne4 14. Nxe4 Rxe4 15. Kf1 Nc7 16. a4 b6 17. Qc2 Re8 18. h4 Kg8 19. Rg1 a6 20. Qd2 Kh7 21. Bd3 Qf6 22. Qd1 Kg8 23. Rg3 Bd7 24. Rb1 Rxe3 25. fxe3 Re8 26. g5 hxg5 27. hxg5 Qe7 28. e4 b5 29. b3 b4 30. Qd2 a5 31. Kg2 Na8 32. Rh1 Nb6 33. Qf4 Rc8 34. Qh4 Kf8 35. Qh7 Be5 36. Nxe5 Qxe5 37. Rf1 Be8 38. Qxg6 Qb2+ 39. Kh1 Qd4 40. Qxd6+ Kg8 41. g6 f6 42. Qe6+ Kg7 43. Qe7+ 1-0

[Event "Turkey Cup 2020"]
[Site "Antalya-Belek"]
[Date "2020.01.29"]
[Round "5.25"]
[White "Sar, Can"]
[Black "Guven, Oguz Kagan"]
[Result "0-1"]
[WhiteElo "1891"]
[BlackElo "2143"]
[Annotator "TA"]
[PlyCount "100"]
[EventDate "2020.01.26"]
[EventType "swiss"]
[EventCountry "TUR"]
[SourceTitle "playchess.com"]
[Source "ChessBase"]
[SourceQuality "1"]

1. e4 c5 2. Nf3 Nc6 3. d4 cxd4 4. Nxd4 Nf6 5. Nc3 d6 6. Bg5 e6 7. Qd2 a6 8. O-O-O Bd7 9. Kb1 b5 10. Nxc6 Bxc6 11. Qe3 Be7 12. Bxf6 gxf6 13. f4 Qc7 14. g3 Qa7 15. Qxa7 Rxa7 16. a3 f5 17. Bg2 a5 18. Ne2 Bxe4 19. Bxe4 fxe4 20. f5 Rb7 21. Nf4 Bg5 22. Nh3 Be7 23. Nf4 exf5 24. Rd5 Rg8 25. Ne2 Bf6 26. Rxf5 Be5 27. Re1 Ke7 28. Rh5 Ke6 29. Rxh7 d5 30. Nc1 Rh8 31. Rxh8 Bxh8 32. Nb3 Ra7 33. g4 a4 34. Nd2 Be5 35. Re2 f6 36. c3 Rh7 37. Nf1 Bf4 38. Kc2 Ke5 39. Rf2 Rh4 40. Rg2 Bg5 41. Rg3 Bf4 42. Rg2 Rh3 43. Kd1 d4 44. cxd4+ Kxd4 45. Rf2 Rd3+ 46. Ke2 Bg5 47. Ng3 Rd2+ 48. Ke1 Rxf2 49. Kxf2 Kd3 50. Ke1 Bh4 0-1

[Event "Turkey Cup 2020"]
[Site "Antalya-Belek"]
[Date "2020.01.29"]
[Round "5.26"]
[White "Erdogan, Anil Berk"]
[Black "Tum, Hakan"]
[Result "1-0"]
[WhiteElo "2147"]
[BlackElo "1852"]
[Annotator "TA"]
[PlyCount "59"]
[EventDate "2020.01.26"]
[EventType "swiss"]
[EventCountry "TUR"]
[SourceTitle "playchess.com"]
[Source "ChessBase"]
[SourceQuality "1"]

1. e4 e5 2. Nf3 Nc6 3. Bb5 Bd6 4. Na3 a6 5. Bxc6 dxc6 6. Nc4 Qe7 7. d3 f6 8. Bd2 Be6 9. Qe2 O-O-O 10. a4 g5 11. O-O-O Nh6 12. h4 Nf7 13. hxg5 fxg5 14. Bc3 g4 15. Nh4 Bc5 16. Kb1 Bd4 17. Bxd4 exd4 18. f4 gxf3 19. gxf3 Qb4 20. b3 b5 21. Qd2 Qc5 22. Qa5 Kd7 23. f4 Rb8 24. Nf3 Nd6 25. Nce5+ Kd8 26. Nxd4 Bd7 27. Nexc6+ Kc8 28. Qxa6+ Nb7 29. Na7+ Kd8 30. Qf6+ 1-0

[Event "Turkey Cup 2020"]
[Site "Antalya-Belek"]
[Date "2020.01.29"]
[Round "5.27"]
[White "Cam, Vedat"]
[Black "Kesgin, Halit Kaan"]
[Result "0-1"]
[WhiteElo "1879"]
[BlackElo "2061"]
[Annotator "NA"]
[PlyCount "74"]
[EventDate "2020.01.26"]
[EventType "swiss"]
[EventCountry "TUR"]
[SourceTitle "playchess.com"]
[Source "ChessBase"]
[SourceQuality "1"]

1. d4 Nf6 2. Nf3 d5 3. c4 e6 4. e3 Be7 5. Nc3 O-O 6. Bd3 dxc4 7. Bxc4 a6 8. O-O b5 9. Bd3 Bb7 10. a3 c5 11. dxc5 Bxc5 12. b4 Be7 13. Bb2 Nbd7 14. Qe2 Bxf3 15. gxf3 Ne5 16. Rfd1 Nxd3 17. Rxd3 Qb6 18. Ne4 Nxe4 19. fxe4 Rfd8 20. Bd4 Qc6 21. Qg4 f6 22. Rc3 Qd7 23. e5 f5 24. Qe2 Rac8 25. Rac1 Rxc3 26. Rxc3 Rc8 27. Qc2 Rxc3 28. Qxc3 Kf7 29. f3 g5 30. Kf2 Qb7 31. Kg3 h5 32. h3 Qd5 33. Qc7 Qa2 34. f4 h4+ 35. Kf3 g4+ 36. hxg4 fxg4+ 37. Kxg4 Qg2+ 0-1

[Event "Turkey Cup 2020"]
[Site "Antalya-Belek"]
[Date "2020.01.29"]
[Round "5.28"]
[White "Keser, Murat"]
[Black "Ozdemir, Serhan Berat"]
[Result "0-1"]
[WhiteElo "1847"]
[BlackElo "2139"]
[Annotator "TA"]
[PlyCount "69"]
[EventDate "2020.01.26"]
[EventType "swiss"]
[EventCountry "TUR"]
[SourceTitle "playchess.com"]
[Source "ChessBase"]
[SourceQuality "1"]

1. e4 c5 2. Nf3 e6 3. d4 cxd4 4. Nxd4 a6 5. Bd3 Bc5 6. Nb3 Be7 7. O-O d6 8. Qe2 Nf6 9. f4 Qc7 10. c4 Nbd7 11. Nc3 b6 12. Bd2 Bb7 13. Rae1 Rd8 14. Rf3 Nc5 15. Nxc5 Qxc5+ 16. Be3 Qc7 17. Rg3 Kf8 18. Na4 Nd7 19. f5 exf5 20. exf5 Bf6 21. Bg5 Bd4+ 22. Kh1 Nf6 23. Bxf6 Bxf6 24. Re3 Be5 25. Nc3 Re8 26. Qh5 Bc6 27. f6 Bxf6 28. Rxe8+ Bxe8 29. Nd5 Qd8 30. Qe2 Be5 31. Ne3 h5 32. Nf5 g6 33. Ne3 Kg7 34. Qf3 Qh4 35. Nf1 0-1